000 00597nam a2200217Ia 4500
005 20260429112147.0
008 260429s9999||||xx |||||||||||||| ||und||
020 _a9781032731032
041 _aEnglish
082 _a613.7046
_bCLA
100 _aClark, Edward
245 0 _aYoga and the body :
_bthe future of modern yoga in the studio and beyond /
_cEdward Clark
250 _a1st ed.
260 _aNew York :
_bRoutledge,
_c2025.
300 _axiii, 193 p.; pbk
650 _a Social world
650 _a Transmission
650 _aYoga
700 _a Greene, Laurie A.
942 _cTB
999 _c52666
_d52666